000 00872naa a22002417u 4500
001 06578
003 HDC
007 cr cn ---aaaaa
008 210124p2009 ||||| |||| 00| 0 eng d
040 _aHDC
245 0 _aSea of Change ? How Legal Departments in South East Asia are Responding to the Current Economic Climate
260 _a[no place] :
_b[publisher not identified],
_c2009
300 _a1 online resource ( 52 pages)
336 _atext
_2rdacontent
337 _acomputer
_2rdamedia
338 _aonline resource
_2rdacarrier
650 _aeconomic climate
_zMalaysia
_97012
650 _aInfrastructure development
_97011
856 _zRequest full-text at [email protected]
942 _2lcc
942 _cAR
942 _kEMAG 000277
999 _c3902
_d3902